DPH v Európskej únii

DPH a zdaniteľné obchody. Potreba určenia, či je daná transakcia predmetom dane. Dodanie tovaru - charakteristika. Konkrétne príklady. Čo sa nepovažuje za dodanie tovaru. Príklady.

Salvato in:
Dettagli Bibliografici
Autore principale: Jurišová, Anna
Natura: Capitolo di libro
Lingua:slovacco
Soggetti:
Tags: Aggiungi Tag
Nessun Tag, puoi essere il primo ad aggiungerne!!

MARC

LEADER 00000naa$a2200000$$$4500
001 0043903
005 20231106093148.0
041 0 |a slo 
044 |a SK 
245 1 0 |a DPH v Európskej únii  |c Anna Jurišová 
520 |a DPH a zdaniteľné obchody. Potreba určenia, či je daná transakcia predmetom dane. Dodanie tovaru - charakteristika. Konkrétne príklady. Čo sa nepovažuje za dodanie tovaru. Príklady. 
610 2 0 |a dane z hodnoty pridanej 
610 2 0 |a Európska únia 
610 2 0 |a obchod 
610 2 0 |a obchod vnútorný 
610 2 0 |a obchod medzinárodný 
610 2 0 |a dodávky 
610 2 0 |a tovar 
100 1 |a Jurišová, Anna